000 00300nam a22001337a 4500
008 170612b xxu||||| |||| 00| 0 eng d
020 _a9780321435699
041 _aeng
080 _a32
100 _a19
101 _aSHP
245 _aIS VOTING FOR YOUNG PEOPLE?
_cWATTENBERG,M.P
942 _2udc
_cBK
999 _c16990
_d16990